00230nam a22001097a 4500020001900000082001500019100001700034245002400051250001100075260002600086300000800112 a978-1718502703 a539.1bMAT aEric Matthes aPython Crash Course a3rd ed bNo Starch Pressc2023 a514